Proceedings: International conference (Record no. 18583)

MARC details
000 -LEADER
fixed length control field 00520nam a2200169Ia 4500
082 ## - DEWEY DECIMAL CLASSIFICATION NUMBER
Classification number 307.72 URB;
245 #0 - TITLE STATEMENT
Title Proceedings: International conference
260 ## - PUBLICATION, DISTRIBUTION, ETC. (IMPRINT)
Place of publication Kharagpur
Name of publisher Department of Architecture and Regional Planning
Year of publication 1981
300 ## - PHYSICAL DESCRIPTION
Number of Pages viii, 135p.
650 ## - SUBJECT ADDED ENTRY--TOPICAL TERM
Topical Term Social change
650 ## - SUBJECT ADDED ENTRY--TOPICAL TERM
Topical Term Urbanization - Developing countries
650 ## - SUBJECT ADDED ENTRY--TOPICAL TERM
Topical Term Urban-rural migration
650 ## - SUBJECT ADDED ENTRY--TOPICAL TERM
Topical Term Urban policy
650 ## - SUBJECT ADDED ENTRY--TOPICAL TERM
Topical Term Conference proceedings
710 ## - ADDED ENTRY--CORPORATE NAME
Corporate name or jurisdiction name as entry element Urban and regional change in developing countries
942 ## - ADDED ENTRY ELEMENTS (KOHA)
Koha item type Books
Holdings
Withdrawn status Lost status Damaged status Not for loan Home library Current library Date acquired Bill Date Full call number Accession Number Price effective from Koha item type
        NASSDOC Library NASSDOC Library 08/06/2004 2004-10-22 307.72 URB; 14825 18/04/2019 Books